Educar : La Revista de Educación : educación infantil /

-д хадгалсан:
Номзүйн дэлгэрэнгүй
Бусад зохиолчид: Salomón Delgado, Luis Ernesto (dirección general) (dirección general)
Формат: Ном
Хэл сонгох:испани
Хэвлэсэн: Guadalajara, México : Gobierno del Estado de Jalisco, Secretaría de Educación, 1993
Нөхцлүүд:
Шошгууд: Шошго нэмэх
Шошго байхгүй, Энэхүү баримтыг шошголох эхний хүн болох!

MARC

LEADER 00000nam^a2200000^a^4500
001 000452458
005 20250526000000.0
009 20260310123837.814
037 |a Acervo ITESO - Biblioteca 
041 |a ESP 
082 |a 370. 5  |b EDR 1993 V. 2 
240 1 1 |a [Educar: La Revista de Educación] 
245 0 0 |a Educar :  |b La Revista de Educación : educación infantil /  |c Dir. general L.E. Salomón Delgado. 
264 1 |a Guadalajara, México :  |b Gobierno del Estado de Jalisco, Secretaría de Educación,  |c 1993 
300 |a 145 p. ;  |c 23.0 cm. 
336 |a texto  |b txt  |2 rdacontenido 
337 |a sin mediación  |b n  |2 rdamedio 
338 |a volumen  |b nc  |2 rdasoporte 
649 |a XX 
650 |a Formación y Capacitación de Profesores 
650 |a Aprendizaje 
650 |a Creatividad 
650 |a Desarrollo Cognoscitivo 
650 |a Calidad de la Educación 
650 |a Prejuicio 
650 |a Derechos Humanos 
650 |a Historia -  |x Estudio y Enseñanza 
650 |a Educación Preescolar 
650 |a Educación Primaria 
650 |a Educación de Adultos 
650 |a Educación -  |z Jalisco -  |x Historia -  |y 1946-2000 
650 |a Educación -  |z México -  |x Historia -  |y 1946-2000 
650 |a Educación -  |x Publicaciones Periódicas Jaliscienses -  |x Tema Principal 
650 |a Educación -  |x Publicaciones Periódicas Mexicanas 
650 |a Publicaciones Periódicas Jaliscienses 
650 |a Publicaciones Periódicas Mexicanas 
700 |a Salomón Delgado, Luis Ernesto  |e (dirección general) 
910 |a Fondo Alfonso de Alba Martín 
920 |a Impresos - Libros 
930 |a Libros Antiguos y Raros 
905 |a 125 
901 |a 0500383985  |b IT2  |c LRA  |i D96869  |u 20250526 
902 |a https://opac.biblio.iteso.mx/vufind/Record/000452458